🎶Paroles "Petit bonhomme" Les Wriggles - Statistiques

Statistiques générales
  • Ce quiz a été pris 8 fois
  • Le résultat moyen est 414 sur 466
Statistiques - réponses
Mots % Correct
à
100%
a
100%
À
100%
ai
100%
au
100%
bien-
100%
C'
100%
ce
100%
Ce
100%
ces
100%
d'
100%
de
100%
des
100%
Des
100%
Devenir
100%
du
100%
en
100%
es
100%
es,
100%
est-
100%
est
100%
et
100%
Et
100%
être
100%
FAF,
100%
fait
100%
fait ?)
100%
j'
100%
l'
100%
la
100%
le
100%
Le
100%
Les
100%
les
100%
maintenant,
100%
moi
100%
n'
100%
ne
100%
nous
100%
on
100%
par
100%
pas
100%
peu
100%
Plus
100%
plus
100%
pour
100%
Qu'
100%
qu'
100%
(Qu'
100%
que
100%
Que
100%
qui
100%
Qui
100%
Rien
100%
s'
100%
t'
100%
ta
100%
Ta
100%
tous
100%
Tout
100%
tu
100%
Tu
100%
Un
100%
un
100%
Une
100%
une
100%
Y'
100%
as
86%
autre
86%
Bonhomme
86%
bonhomme ?
86%
bonne
86%
boy,
86%
chiens,
86%
coup
86%
Dans
86%
devenu ?
86%
donné
86%
école,
86%
eu
86%
Je
86%
je
86%
jour
86%
Mais,
86%
nouveau
86%
ou
86%
86%
personne
86%
petit
86%
peur
86%
peur...
86%
Puis
86%
puis
86%
quoi
86%
sa
86%
sommes,
86%
Sous
86%
sur
86%
te
86%
tes
86%
Toi
86%
ton
86%
vie
86%
absents
71%
amour,
71%
assembler
71%
bouger
71%
buté
71%
canifs,
71%
chemin
71%
Chevalier,
71%
cheveux,
71%
cimetière,
71%
connu
71%
copain
71%
copains
71%
copeaux
71%
cow-
71%
crâne,
71%
croix
71%
désir
71%
deux
71%
Deux
71%
disséminés
71%
dose
71%
droite
71%
échecs
71%
écrire
71%
éliminer
71%
emporté
71%
ennui
71%
enterrement,
71%
éparpillés,
71%
épitaphe
71%
finissent
71%
flingues
71%
fond
71%
franchir
71%
frayeur
71%
gammée.
71%
gauche
71%
gentiment
71%
glané
71%
goût
71%
grenades,
71%
grille
71%
heure
71%
ignorance
71%
ignorant
71%
importe
71%
interdits
71%
joue
71%
justicier,
71%
limailles,
71%
livres
71%
maman
71%
monnaie
71%
morceaux
71%
notion
71%
ordre
71%
paralysent
71%
parcouru ?
71%
partout
71%
Pendant
71%
pensée
71%
pensée,
71%
petits
71%
pièce
71%
pile
71%
pleure
71%
punitif
71%
rendu
71%
ressemble
71%
rigole
71%
sacrée
71%
son
71%
sont
71%
suis
71%
suivi
71%
terminale
71%
Terre,
71%
terreur
71%
trois
71%
vent
71%
vivre
71%
Vois,
71%
yeux
71%
attisé
57%
bouquet ;
57%
changer
57%
effacent
57%
horde,
57%
identité
57%
incitent
57%
journalier.
57%
Ont
57%
Tiens,
57%
débris,
43%
débris
43%
éclats,
43%
fragments
43%
obligent
43%
tessons
14%
Aucun quiz correspondant
Distribution des résultats
% des personnes avec chaque résultat
Percentile par nombre de réponses
Votre historique - résultats
Vous n’avez pas pris ce quiz